[Event "N4 Tour du Roi / Rethel "]
[Site "?"]
[Date "2015.10.10"]
[Round "1.8"]
[White "Mondeel, Paul"]
[Black "Lemaitre, Alain"]
[Result "1-0"]
[WhiteElo "1558"]
[BlackElo "1300"]
[PlyCount "51"]
[EventDate "2015.10.10"]
[SourceDate "2015.10.10"]

1. Nf3 Nc6 2. b3 e5 3. d3 d6 4. Bb2 Nf6 5. e3 Be7 6. Be2 O-O 7. O-O b6 8. Nbd2
a5 9. a3 h6 10. e4 Bb7 11. d4 exd4 12. Nxd4 Nxd4 13. Bxd4 c5 14. Bb2 Bxe4 15.
Bxf6 Bxg2 16. Bxe7 Qxe7 17. Kxg2 Rfe8 18. Bf3 Ra7 19. Ne4 Rd7 20. Re1 Qd8 21.
Kh1 d5 22. Ng3 d4 23. Rxe8+ Qxe8 24. Bc6 Qd8 25. Bxd7 Qxd7 26. Qd3 1-0

[Event "N4 Tour du Roi / Rethel "]
[Site "?"]
[Date "2015.10.10"]
[Round "1.6"]
[White "Louis, André"]
[Black "Lhoest, Alain"]
[Result "0-1"]
[WhiteElo "1658"]
[BlackElo "1598"]
[PlyCount "108"]
[EventDate "2015.10.10"]
[SourceDate "2015.10.10"]

1. e4 c5 2. Nc3 d6 3. g3 Nf6 4. Bg2 e6 5. d3 Be7 6. f4 Nc6 7. Nf3 Bd7 8. O-O
O-O 9. h3 Rb8 10. Be3 b5 11. a3 a5 12. Ne2 Qc7 13. c3 a4 14. Rc1 Na5 15. Nd2
Bc6 16. b4 axb3 17. Nxb3 Nxb3 18. Qxb3 Qb7 19. Qa2 d5 20. e5 Nd7 21. d4 c4 22.
Rb1 Qa7 23. Bc1 Rb6 24. Qc2 Ra6 25. f5 Bxa3 26. fxe6 fxe6 27. Rxf8+ Nxf8 28.
Bg5 Be7 29. Bxe7 Qxe7 30. Qd2 Be8 31. h4 Bg6 32. Rxb5 Ra1+ 33. Kh2 Bd3 34. Nf4
Bf5 35. Qb2 Rb1 36. Qxb1 Bxb1 37. Rxb1 Qa3 38. Rb8 Kf7 39. Rb7+ Ke8 40. Rxg7
Qxc3 41. Ne2 Qd3 42. Nf4 Qxd4 43. Rg5 c3 44. Nh5 c2 45. Nf6+ Kf7 46. Rg4 Qxg4
47. Nxg4 c1=Q 48. Nf2 Qe3 49. Ng4 Qe2 50. Kh3 h5 51. Nh6+ Kg6 52. Ng8 Kg7 53.
Nf6 Qxe5 54. Ne8+ Kf7 0-1

[Event "N4 Tour du Roi / Rethel"]
[Site "?"]
[Date "2015.10.11"]
[Round "1.7"]
[White "Robert, Emmanuel"]
[Black "Shaverdashvili, Irakli"]
[Result "1/2-1/2"]
[WhiteElo "1590"]
[BlackElo "1632"]
[PlyCount "43"]
[EventDate "2015.10.10"]
[SourceDate "2015.10.11"]

1. e4 d5 2. exd5 Qxd5 3. Nc3 Qd8 4. Bc4 e6 5. Nf3 Nf6 6. d3 Be7 7. Be3 O-O 8.
Qd2 a6 9. d4 b5 10. Bd3 Bb7 11. Ng5 Nbd7 12. f3 c5 13. Be4 Nxe4 14. Ncxe4 Bxe4
15. Nxe4 c4 16. c3 Nb6 17. g3 Nd5 18. h4 b4 19. Bg5 f6 20. Qh2 Qa5 21. Bd2 bxc3
22. Nxc3 1/2-1/2

[Event "N4 Tour du Roi / Rethel"]
[Site "?"]
[Date "2015.10.11"]
[Round "1.3"]
[White "Gerardin, David"]
[Black "Halfaoui, Eddine"]
[Result "0-1"]
[WhiteElo "1777"]
[BlackElo "1993"]
[PlyCount "84"]
[EventDate "2015.10.10"]
[SourceDate "2015.10.11"]

1. Nf3 Nf6 2. d4 d5 3. e3 Bg4 4. Bd3 e6 5. b3 Bd6 6. Bb2 O-O 7. h3 Bf5 8. O-O
Nbd7 9. c4 c6 10. Qc2 Ne4 11. Nc3 Ndf6 12. Bxe4 Nxe4 13. Qe2 Qf6 14. g4 Nxc3
15. Bxc3 Be4 16. Nd2 Bg6 17. Nf3 h5 18. Ne5 Bxe5 19. dxe5 Qh4 20. Kh2 Rfd8 21.
c5 a5 22. Qf3 hxg4 23. Qxg4 Qe7 24. Bd4 a4 25. b4 Kh7 26. Rh1 Rh8 27. Kg2 Kg8
28. Rag1 Rh4 29. Qg3 Kh7 30. Rh2 Rh8 31. Rgh1 Kg8 32. f3 Qd8 33. Qe1 Qg5+ 34.
Qg3 Qf5 35. Kf1 Qb1+ 36. Qe1 Qf5 37. Kg2 R8h5 38. Qf2 Rg5+ 39. Kf1 Qb1+ 40. Ke2
Bd3+ 41. Kd2 Qc2+ 42. Ke1 Qc1# 0-1

[Event "N4 Tour du Roi / Rethel"]
[Site "?"]
[Date "2015.10.11"]
[Round "1.4"]
[White "Pytel, Bovena"]
[Black "Lambert, Alban"]
[Result "1-0"]
[WhiteElo "1944"]
[BlackElo "1633"]
[PlyCount "131"]
[EventDate "2015.10.10"]
[SourceDate "2015.10.11"]

1. Nf3 d5 2. d4 Bf5 3. c4 Nf6 4. Nc3 e6 5. Qb3 b6 6. Bg5 dxc4 7. Qxc4 Be7 8. e3
O-O 9. Be2 Nbd7 10. O-O c5 11. dxc5 Nxc5 12. Rfd1 Qc8 13. Rac1 Qb7 14. Nd4 Rad8
15. Nxf5 exf5 16. Qf4 Ne6 17. Qxf5 Nxg5 18. Qxg5 Nd5 19. Qf5 Nxc3 20. bxc3 Bf6
21. Bd3 Rfe8 22. Qxh7+ Kf8 23. Bb5 g6 24. Bxe8 Rxe8 25. Qh6+ Bg7 26. Qf4 Kg8
27. Qa4 Re7 28. Rd8+ Bf8 29. Qd4 Re6 30. Rd1 Qc7 31. Qb4 Qe7 32. Qxe7 Rxe7 33.
R1d7 Re5 34. Rxa7 Kg7 35. Rdd7 Rf5 36. g3 Bc5 37. a4 g5 38. a5 Rf6 39. a6 b5
40. Rab7 Rxa6 41. Rxb5 Rc6 42. Rbb7 Rf6 43. c4 Kg6 44. Kg2 g4 45. Rbc7 Bb6 46.
Rc8 Kg7 47. c5 Ba5 48. c6 Be1 49. c7 Bxf2 50. Re8 Bxe3 51. Rxe3 Rc6 52. Re8
Rxc7 53. Rxc7 Kg6 54. Rg8+ Kf6 55. Rxg4 Ke6 56. Rg7 f6 57. Rc6+ Ke5 58. Ra6 f5
59. Re7+ Kd4 60. Rd6+ Kc5 61. Rd1 Kc6 62. Re2 Kc5 63. Rc2+ Kb4 64. Rb1+ Ka3 65.
Rc8 Ka4 66. Ra8# 1-0

[Event "N4 Tour du Roi / Rethel"]
[Site "?"]
[Date "2015.10.11"]
[Round "1.1"]
[White "Sohier, Renaud"]
[Black "Pytel, Krysztof"]
[Result "0-1"]
[WhiteElo "2042"]
[BlackElo "2297"]
[PlyCount "138"]
[EventDate "2015.10.10"]
[SourceDate "2015.10.11"]

1. d4 f5 2. g3 Nf6 3. Bg2 g6 4. c4 Bg7 5. Nc3 d6 6. Nf3 O-O 7. Ng5 h6 8. Nf3
Nc6 9. Nh4 g5 10. Ng6 Re8 11. h4 g4 12. Be3 e5 13. dxe5 Nxe5 14. Nxe5 dxe5 15.
Qb3 c6 16. O-O Qc7 17. Rad1 Be6 18. Bc5 Nd7 19. Bd6 Qb6 20. Qc2 e4 21. b4 Ne5
22. c5 Qxb4 23. Rb1 Qa3 24. Nxe4 fxe4 25. Bxe5 Bxe5 26. Qxe4 Bg7 27. Rxb7 Qxc5
28. Qg6 Re7 29. Rfb1 Rf8 30. Rxe7 Qxe7 31. Be4 Qf6 32. Qh7+ Kf7 33. Bxc6 Ke7
34. Qd3 Qxf2+ 35. Kh1 Qd4 36. Rb7+ Kd6 37. Qa3+ Qc5 38. Qd3+ Kxc6 39. Qa6+ Kd5
40. Rb5 Bd4 41. Rxc5+ Bxc5 42. Qd3+ Kc6 43. a4 Kc7 44. Qe4 Bd7 45. Qe5+ Bd6 46.
Qa5+ Kb7 47. Kg1 Rf5 48. Qd2 Bc5+ 49. e3 Bxa4 50. Qb2+ Bb6 51. Qg7+ Ka6 52. Qc3
Rf3 53. Qc8+ Ka5 54. Qxg4 Bxe3+ 55. Kh2 Bc6 56. Qe6 Kb6 57. g4 a5 58. Qb3+ Kc7
59. Qe6 a4 60. Qe7+ Kb6 61. Qb4+ Ka7 62. Qa5+ Kb7 63. Qb4+ Bb6 64. g5 h5 65.
Qe7+ Bc7+ 66. Kg1 a3 67. g6 a2 68. Qg7 Rh3 69. Kf2 Rh1 0-1

[Event "N4 Tour du Roi / Rethel"]
[Site "?"]
[Date "2015.10.11"]
[Round "1.5"]
[White "Noizet, Régis"]
[Black "Fauchart, Francois"]
[Result "1-0"]
[WhiteElo "1621"]
[BlackElo "1701"]
[Annotator ",marc"]
[PlyCount "78"]
[EventDate "2015.10.10"]
[SourceDate "2015.10.11"]

1. d4 Nf6 2. c4 c6 3. Nc3 d6 4. e4 e6 5. f4 Be7 6. Bd3 e5 7. dxe5 dxe5 8. f5
Bc5 9. Nf3 Ng4 10. Rf1 f6 11. Qe2 Na6 12. a3 Nh6 13. Bd2 Nf7 14. b4 Be7 15. Be3
Bd7 16. Rd1 Nc7 17. Bc2 a5 18. c5 axb4 19. axb4 Na6 20. Bb3 Qc7 21. Kf2 O-O 22.
Be6 Rfd8 23. Qc4 Be8 24. g4 Kf8 25. h4 Rxd1 26. Rxd1 Rd8 27. Rh1 Nh6 28. Kg3
Bf7 29. g5 Bxe6 30. fxe6 f5 31. gxh6 f4+ 32. Kf2 fxe3+ 33. Kxe3 gxh6 34. Rg1 b6
35. Qxa6 bxc5 36. Qf1 Bf6 37. bxc5 Qa5 38. Qc4 Be7 39. Ke2 Rb8 {
suite ilisible sur les 2 feuilles} 1-0

[Event "Reims/Chaumont"]
[Site "?"]
[Date "2015.12.06"]
[Round "3"]
[White "Massart, Jérémy"]
[Black "Picard, Serge"]
[Result "1/2-1/2"]
[WhiteElo "1982"]
[BlackElo "2060"]
[PlyCount "85"]
[EventDate "2015.12.06"]
[SourceDate "2015.12.06"]

1. e4 e5 2. Nf3 Nc6 3. d4 exd4 4. Nxd4 Bc5 5. Be3 Qf6 6. Nb5 Bxe3 7. fxe3 Qh4+
8. g3 Qd8 9. Qg4 g5 10. Qe2 d6 11. N1c3 a6 12. Nd4 Ne5 13. h3 Be6 14. O-O-O Ne7
15. Bg2 c6 16. Nxe6 fxe6 17. Rhf1 N7g6 18. Qd2 Nc4 19. Qe2 Nce5 20. Qd2 Ke7 21.
Ne2 Qc7 22. Nd4 Rhf8 23. Qe2 c5 24. Nf3 g4 25. Nxe5 Nxe5 26. hxg4 c4 27. c3 Qb6
28. Rd4 Rxf1+ 29. Bxf1 Rf8 30. Kb1 Nd3 31. Rxd3 cxd3 32. Qxd3 Rf2 33. b3 Qa5
34. a4 Qe5 35. Be2 Kf6 36. Kc2 Kg5 37. Kd2 Rf7 38. Qd4 Rf2 39. Qb6 Rf7 40. Qd8+
Kg6 41. Bc4 Kg7 42. Qe8 Qxe4 43. Qxe6 1/2-1/2

[Event "Reims/Chaumont"]
[Site "?"]
[Date "2015.12.06"]
[Round "3"]
[White "Rapinel, Franck"]
[Black "Jouniaux, Quentin"]
[Result "1-0"]
[WhiteElo "2128"]
[BlackElo "1874"]
[PlyCount "97"]
[EventDate "2015.12.06"]
[SourceDate "2015.12.06"]

1. d4 d5 2. c4 dxc4 3. Nf3 Nf6 4. e3 e6 5. Bxc4 Bd6 6. Nc3 O-O 7. O-O b6 8. e4
Be7 9. Qe2 c5 10. Rd1 Qc7 11. e5 Ne8 12. d5 exd5 13. Nxd5 Qb7 14. Nxe7+ Qxe7
15. Bg5 Qc7 16. Bd8 Qb7 17. Bd5 Nc6 18. Qe4 Bf5 19. Bxc6 Bxe4 20. Bxb7 Bxb7 21.
Be7 Bxf3 22. gxf3 Nc7 23. Bxf8 Kxf8 24. a4 Ne6 25. a5 b5 26. a6 Nd4 27. Kg2 Re8
28. f4 Re6 29. b4 Nc2 30. Rac1 Nxb4 31. Rxc5 Rxa6 32. Rxb5 Rb6 33. Rxb6 axb6
34. Rd4 Nc2 35. Rd8+ Ke7 36. Rb8 Nd4 37. Rxb6 g6 38. Kg3 h5 39. Rb4 Nf5+ 40.
Kf3 Nh4+ 41. Ke4 Ke6 42. Rb6+ Ke7 43. Rf6 Ng2 44. f5 g5 45. Ra6 Nf4 46. f6+ Ke8
47. Ra8+ Kd7 48. Rf8 Ke6 49. Re8+ 1-0

[Event "Reims/Chaumont"]
[Site "?"]
[Date "2015.12.06"]
[Round "3"]
[White "Magnier, Christophe"]
[Black "Parisot, Anthony"]
[Result "0-1"]
[WhiteElo "1777"]
[BlackElo "1810"]
[PlyCount "114"]
[EventDate "2015.12.06"]
[SourceDate "2015.12.06"]

1. e4 c5 2. Nc3 Nc6 3. g3 g6 4. Bg2 Bg7 5. Nge2 e6 6. O-O Nge7 7. d3 O-O 8. Be3
Nd4 9. f4 d6 10. Rb1 Nec6 11. a3 a5 12. Bf2 Rb8 13. Nxd4 Nxd4 14. b4 axb4 15.
axb4 Nc6 16. b5 Ne7 17. Ne2 b6 18. c3 Bb7 19. d4 Qc7 20. Qd3 f5 21. Qc4 d5 22.
exd5 Bxd5 23. Bxd5 exd5 24. Qd3 c4 25. Qe3 Qd7 26. Nc1 Ra8 27. Rb2 Ra5 28. Re1
Bf6 29. Na2 Rxb5 30. Nb4 Nc6 31. Qe2 Nxb4 32. cxb4 Ra8 33. Rd1 Ra4 34. Be1 Qe7
35. Qf2 Qc7 36. Bc3 Ra3 37. Qe1 Qd7 38. Re2 Kf7 39. Qd2 Ra7 40. Rde1 Qd6 41.
Re8 Re7 42. R8xe7+ Bxe7 43. Qe2 Qf6 44. Qxe7+ Qxe7 45. Rxe7+ Kxe7 46. Kf1 Kf6
47. h4 Kg7 48. Ke2 Kh6 49. Kd1 Kh5 50. Kc2 Kg4 51. Be1 Rxb4 52. Bxb4 Kxg3 53.
Be7 Kxf4 54. Kc3 Ke4 55. Bc5 b5 56. Bd6 f4 57. Be5 Ke3 0-1

[Event "Reims/Chaumont"]
[Site "?"]
[Date "2015.12.06"]
[Round "3"]
[White "Da Costa, Manuel"]
[Black "Nawara, Abdel Rahim"]
[Result "1-0"]
[WhiteElo "1889"]
[BlackElo "1710"]
[PlyCount "73"]
[EventDate "2015.12.06"]
[SourceDate "2015.12.06"]

1. e4 e6 2. d4 d5 3. exd5 exd5 4. Nf3 Nf6 5. Be2 Bd6 6. O-O Be6 7. Bg5 Nbd7 8.
Nc3 c6 9. Re1 h6 10. Bh4 Qc7 11. Bg3 Bxg3 12. fxg3 O-O-O 13. b4 Ne4 14. Nxe4
dxe4 15. Nd2 f5 16. c4 Qb6 17. Nb3 Qxb4 18. Qc2 Kb8 19. Reb1 Nb6 20. Nc5 Qa3
21. Rb3 Qa5 22. Nxe6 Rd6 23. Nc5 g5 24. Nxb7 Kxb7 25. c5 Re6 26. cxb6 a6 27.
Qc4 Re7 28. Qc5 Qxc5 29. dxc5 Re5 30. Rd1 Rd5 31. Rxd5 cxd5 32. Bxa6+ Kxa6 33.
c6 e3 34. b7 d4 35. b8=Q Rxb8 36. Rxb8 d3 37. c7 1-0

[Event "Reims/Chaumont"]
[Site "?"]
[Date "2015.12.06"]
[Round "3"]
[White "Kerlau, Gildas"]
[Black "Vallet, Aurelien"]
[Result "1-0"]
[WhiteElo "1765"]
[BlackElo "1562"]
[PlyCount "125"]
[EventDate "2015.12.06"]
[SourceDate "2015.12.06"]

1. d4 d5 2. c4 e6 3. Nc3 Nf6 4. Nf3 c6 5. e3 Nbd7 6. Qc2 Bb4 7. Bd3 c5 8. O-O
cxd4 9. exd4 dxc4 10. Bxc4 O-O 11. Be3 a6 12. Bd3 b5 13. Ne4 Bb7 14. Nxf6+ Nxf6
15. Ng5 Rc8 16. Bxh7+ Kh8 17. Qd3 Qd5 18. f3 Qc4 19. a3 Qxd3 20. Bxd3 Be7 21.
Ne4 Nd5 22. Bd2 f5 23. Nc3 Bf6 24. Ne2 f4 25. Rac1 g5 26. Rxc8 Rxc8 27. Rc1
Rxc1+ 28. Bxc1 b4 29. Be4 a5 30. Bd2 Ba6 31. Bxd5 exd5 32. Kf1 bxa3 33. bxa3 a4
34. Bc3 Kg7 35. Ke1 Kf7 36. Nc1 Ke6 37. g3 fxg3 38. hxg3 Kf5 39. Kf2 g4 40. Na2
gxf3 41. Kxf3 Bd3 42. g4+ Kg5 43. Bd2+ Kg6 44. Be3 Be7 45. Bc1 Be4+ 46. Kg3
Bd6+ 47. Kh4 Bh2 48. Be3 Bd6 49. Nc3 Bxa3 50. Nxa4 Be7+ 51. g5 Bb4 52. Nc5 Bf5
53. Kg3 Be1+ 54. Kf4 Bh4 55. Ke5 Bxg5 56. Bxg5 Kxg5 57. Kxd5 Kf6 58. Kd6 Kf7
59. Kc7 Be6 60. Nxe6 Kxe6 61. Kc6 Ke7 62. d5 Kd8 63. Kd6 1-0

[Event "Reims/Chaumont"]
[Site "?"]
[Date "2015.12.06"]
[Round "3"]
[White "Amoros, Pierre"]
[Black "Masera, Michel"]
[Result "0-1"]
[WhiteElo "1678"]
[BlackElo "1858"]
[PlyCount "80"]
[EventDate "2015.12.06"]
[SourceDate "2015.12.06"]

1. e4 c5 2. Nf3 Nc6 3. d4 cxd4 4. Nxd4 Nf6 5. Nc3 e5 6. Nxc6 bxc6 7. Bg5 Bb4 8.
Qd3 O-O 9. Bd2 d5 10. a3 Bxc3 11. Bxc3 Nxe4 12. Be2 Re8 13. O-O Bf5 14. Be1 Qd7
15. Qd1 Rab8 16. f3 Nf6 17. b3 Bg6 18. Bf2 Qc7 19. Re1 Rbd8 20. Qc1 Rd7 21. Bd3
Bxd3 22. cxd3 Nh5 23. Qc2 Re6 24. Rad1 d4 25. b4 Nf4 26. Bg3 Nd5 27. Bf2 a5 28.
Qc5 axb4 29. axb4 Qb6 30. Ra1 Rd8 31. Qxb6 Nxb6 32. Reb1 Nd5 33. b5 Nc3 34. Rc1
Ne2+ 35. Kf1 Nxc1 36. b6 Nb3 37. Ra7 Ree8 38. Be1 Rb8 39. b7 Nc5 40. Ba5 Rxb7
0-1

[Event "Reims/Chaumont"]
[Site "?"]
[Date "2015.12.06"]
[Round "3"]
[White "François, Gwladys"]
[Black "Doyon, Yves"]
[Result "1-0"]
[WhiteElo "1546"]
[BlackElo "1470"]
[PlyCount "103"]
[EventDate "2015.12.06"]
[SourceDate "2015.12.06"]

1. e4 c5 2. Nf3 Nc6 3. d4 cxd4 4. Nxd4 d6 5. Nc3 e6 6. Be2 Nf6 7. Be3 Be7 8.
O-O O-O 9. Qd2 Nxd4 10. Qxd4 e5 11. Qd2 Bd7 12. f3 Bc6 13. Rfd1 Qc7 14. Nb5
Bxb5 15. Bxb5 a6 16. Bf1 Rac8 17. c3 Rfd8 18. Qf2 Qd7 19. Qc2 Qe6 20. Bg5 d5
21. Bxf6 Bxf6 22. exd5 Rxd5 23. Bd3 g6 24. Be4 Qb6+ 25. Qf2 Qxf2+ 26. Kxf2 Rxd1
27. Rxd1 Rc7 28. Rd6 Be7 29. Rd5 f6 30. Ke2 Kf8 31. Bc2 Ke8 32. Ba4+ b5 33. Bb3
Rc5 34. Rxc5 Bxc5 35. Bd5 Ke7 36. Kd3 f5 37. b4 Bb6 38. Bb7 a5 39. Bc6 Kd6 40.
Bxb5 axb4 41. cxb4 Kd5 42. Bc4+ Kc6 43. Bg8 h6 44. Bh7 g5 45. Bxf5 Kd5 46. Be4+
Kd6 47. Kc4 Bc7 48. a4 Ke6 49. Kc5 h5 50. h3 Ke7 51. Kc6 Bd6 52. a5 1-0

[Event "Reims/Chaumont"]
[Site "?"]
[Date "2015.12.06"]
[Round "3"]
[White "Lehmann, Kevin"]
[Black "Guillard, Patrice"]
[Result "0-1"]
[WhiteElo "1350"]
[BlackElo "1442"]
[PlyCount "58"]
[EventDate "2015.12.06"]
[SourceDate "2015.12.06"]

1. e4 e5 2. Nf3 Nc6 3. Bc4 Bc5 4. c3 Nf6 5. d4 exd4 6. cxd4 Bb4+ 7. Bd2 Nxe4 8.
Bxb4 Nxb4 9. Bxf7+ Kxf7 10. Qb3+ d5 11. Qxb4 Re8 12. O-O a5 13. Qa4 Ng5 14.
Nbd2 c6 15. Rfe1 Nxf3+ 16. Nxf3 Bf5 17. Qb3 Qc7 18. Ne5+ Kg8 19. Qf3 Rf8 20.
Qh5 Rf6 21. Re3 Qb6 22. g4 Qxb2 23. gxf5 Qxa1+ 24. Kg2 Qxd4 25. Nd7 Rf7 26. f6
Rd8 27. Re7 Rxe7 28. fxe7 Qe4+ 29. Qf3 Qxe7 0-1

[Event "N4 Lafrancheville / Blagny"]
[Site "?"]
[Date "2015.12.06"]
[Round "3.1"]
[White "Belloy, Julien"]
[Black "Fourcart, Maxence"]
[Result "0-1"]
[WhiteElo "2090"]
[BlackElo "2077"]
[PlyCount "70"]
[EventDate "2015.12.06"]
[SourceDate "2015.12.06"]

1. c4 c6 2. e4 d5 3. cxd5 cxd5 4. exd5 Qxd5 5. Nc3 Qa5 6. d4 e6 7. Bd3 Nf6 8.
Nge2 Nc6 9. O-O Be7 10. Be3 O-O 11. a3 a6 12. b4 Qd8 13. Qc2 Bd7 14. Rad1 Rc8
15. Qb1 g6 16. Ne4 Nd5 17. Bh6 Re8 18. Nc5 Rb8 19. Be4 Bf8 20. Bxf8 Rxf8 21. b5
Nce7 22. a4 axb5 23. axb5 b6 24. Na6 Rc8 25. Rc1 f5 26. Bf3 Rxc1 27. Rxc1 Qe8
28. Nc3 Nxc3 29. Rxc3 Nd5 30. Nc7 Nxc3 31. Qb3 Qe7 32. Qxc3 Rc8 33. Bb7 Rb8 34.
Bf3 Qd6 35. d5 Rc8 0-1

[Event "N4 Lafrancheville / Blagny"]
[Site "?"]
[Date "2015.12.06"]
[Round "3.2"]
[White "Monaville, Guy"]
[Black "Carré, Cédric"]
[Result "1-0"]
[WhiteElo "2064"]
[BlackElo "2083"]
[PlyCount "97"]
[EventDate "2015.12.06"]
[SourceDate "2015.12.06"]

1. e4 Nc6 2. Nc3 Nf6 3. g3 d6 4. Bg2 e5 5. d3 Bg4 6. f3 Be6 7. f4 Bg4 8. Nf3
Qd7 9. h3 Bxf3 10. Qxf3 Be7 11. Be3 O-O 12. O-O Nd4 13. Bxd4 exd4 14. Ne2 c5
15. e5 dxe5 16. fxe5 Ne8 17. Qxb7 Qxb7 18. Bxb7 Rb8 19. Bd5 {
proposition de nul des blancs} Rxb2 20. Rxf7 Rxf7 21. Rf1 Bf6 22. exf6 Nxf6 23.
Bb3 Kf8 24. Bxf7 Kxf7 25. Nf4 Ke7 26. Re1+ Kd7 27. Re2 Rxa2 28. Ne6 Kc6 29.
Nxg7 Nd5 30. Re6+ Kb5 31. Re5 Ne3 32. Ne6 Nxc2 33. Rxc5+ Kb4 34. Rc4+ Kb3 35.
Nxd4+ Nxd4 36. Rxd4 a5 37. Rh4 a4 38. Rxh7 Rd2 39. Rb7+ Kc3 40. Ra7 Kb3 41.
Rb7+ Ka2 42. h4 a3 43. h5 Rb2 44. Ra7 Kb3 45. h6 Rb1+ {
proposition de nul des noirs !!!} 46. Kg2 Rb2+ 47. Kh3 Rb1 48. Rb7+ Kc2 49.
Rxb1 1-0

[Event "N4 Lafrancheville / Blagny"]
[Site "?"]
[Date "2015.12.06"]
[Round "3.3"]
[White "Belloy, Nicolas"]
[Black "Salentiny, Eric"]
[Result "1/2-1/2"]
[WhiteElo "1975"]
[BlackElo "1947"]
[PlyCount "108"]
[EventDate "2015.12.06"]
[SourceDate "2015.12.06"]

1. d4 Nf6 2. c4 e6 3. Nc3 c5 4. d5 exd5 5. cxd5 d6 6. e4 a6 7. a4 Be7 8. f4 O-O
9. Nf3 Bg4 10. Be2 Bxf3 11. Bxf3 Re8 12. O-O Bf8 13. Re1 Qc7 14. Be3 Nbd7 15.
Bf2 Rab8 16. a5 b5 17. axb6 Rxb6 18. Re2 Reb8 19. Ra2 a5 20. Qe1 g6 21. e5 Ne8
22. Nd1 Rb4 23. g3 Bg7 24. e6 Ndf6 25. Ne3 c4 26. f5 fxe6 27. dxe6 R8b5 28. g4
Kh8 29. Bg3 g5 30. Kg2 h6 31. h4 Nh7 32. Nd1 Be5 33. Bxe5+ Rxe5 34. Nc3 Nhf6
35. hxg5 hxg5 36. Rxe5 dxe5 37. Qe3 Qb6 38. Qxb6 Rxb6 39. Kg3 Rd6 40. Rxa5 Rd2
41. Rxe5 Rxb2 42. Rc5 Rc2 43. Nb5 Kg7 44. Bc6 Kf8 45. Kf3 Ke7 46. Bxe8 Nxe8 47.
Rc8 Rd2 48. Rxc4 Rd3+ 49. Ke4 Rg3 50. Ke5 Re3+ 51. Kd4 Rg3 52. Nc3 Rxg4+ 53.
Kc5 Rxc4+ 54. Kxc4 Nd6+ 1/2-1/2

[Event "N4 Lafrancheville / Blagny"]
[Site "?"]
[Date "2015.12.06"]
[Round "3.4"]
[White "Hanot, Wilfried"]
[Black "Fleurentin, Arnaud"]
[Result "0-1"]
[WhiteElo "1811"]
[BlackElo "1703"]
[PlyCount "54"]
[EventDate "2015.12.06"]
[SourceDate "2015.12.06"]

1. b4 Nf6 2. Bb2 g6 3. c4 Bg7 4. e3 O-O 5. Nf3 d6 6. d4 c6 7. Nbd2 Nbd7 8. a4
Re8 9. Be2 e5 10. dxe5 dxe5 11. e4 Qe7 12. Qb3 Nh5 13. g3 Nf8 14. O-O Bg4 15.
Rfe1 Rad8 16. Bc3 Kh8 17. Qb2 f6 18. Nxe5 Bxe2 19. Nxg6+ hxg6 20. Rxe2 Rd3 21.
Rae1 Qd7 22. Nb3 Rd1 23. f4 Rxe1+ 24. Rxe1 Qd3 25. Nd2 Ne6 26. f5 Ng5 27. Bd4
Qxd2 0-1

[Event "N4 Lafrancheville / Blagny"]
[Site "?"]
[Date "2015.12.06"]
[Round "3.5"]
[White "Brodier, Thierry"]
[Black "Chebridon, Jean Louis"]
[Result "1-0"]
[WhiteElo "1655"]
[BlackElo "1613"]
[PlyCount "115"]
[EventDate "2015.12.06"]
[SourceDate "2015.12.06"]

1. d4 d5 2. Nf3 Nf6 3. Bg5 e6 4. Nbd2 Be7 5. e3 O-O 6. Bd3 Nbd7 7. Ne5 c6 8. c3
Qc7 9. f4 c5 10. Ndf3 c4 11. Bc2 Re8 12. Nxd7 Bxd7 13. Ne5 g6 14. h4 Nh5 15.
Bxe7 Rxe7 16. g4 Nf6 17. h5 Kg7 18. hxg6 fxg6 19. Qf3 Rg8 20. Qh3 Kf8 21. Qh6+
Ke8 22. Qg5 Rf8 23. Rh6 Ne4 24. Qh4 Bc6 25. O-O-O Rg7 26. Rh1 Nf6 27. g5 Nh5
28. Nxg6 hxg6 29. Bxg6+ Kd8 30. Bxh5 Qe7 31. Bg4 Bd7 32. Rh7 Rfg8 33. Rxg7 Rxg7
34. Qh6 Qf7 35. Qh8+ Kc7 36. Rh6 Rg6 37. Bh5 Rxh6 38. Qxh6 Qf5 39. Bd1 Qd3 40.
Qh3 Be8 41. Bc2 Qe2 42. Qxe6 Qe1+ 43. Bd1 Bh5 44. Qe7+ Kc8 45. Qf8+ Kd7 46.
Qg7+ Kd8 47. Qh8+ Be8 48. Qh3 Ba4 49. Qf3 Bxd1 50. Qxd1 Qxe3+ 51. Qd2 Qe4 52.
b3 b5 53. bxc4 bxc4 54. Kb2 Qe6 55. Qg2 Qb6+ 56. Kc1 Qe6 57. g6 Qe3+ 58. Kb2
1-0

[Event "N4 Lafrancheville / Blagny"]
[Site "?"]
[Date "2015.12.06"]
[Round "3.6"]
[White "Evrard, Jean Luc"]
[Black "Regnier, Cédric"]
[Result "1-0"]
[WhiteElo "1646"]
[BlackElo "1596"]
[PlyCount "67"]
[EventDate "2015.12.06"]
[SourceDate "2015.12.06"]

1. e4 c6 2. Nf3 d5 3. exd5 cxd5 4. d4 Nc6 5. Nc3 Bg4 6. Be2 e6 7. a3 a6 8. Be3
Bd6 9. Ng5 Bxe2 10. Nxe2 Nge7 11. Qd3 h6 12. Nf3 Rc8 13. O-O Nf5 14. Ng3 Bxg3
15. fxg3 Qb6 16. b4 O-O 17. Bf2 Rc7 18. Rfc1 Re7 19. c4 Qd8 20. c5 Rfe8 21. g4
e5 22. dxe5 Nxe5 23. Nxe5 Rxe5 24. gxf5 Qf6 25. Re1 Qe7 26. Rxe5 Qxe5 27. Re1
Qb8 28. Rxe8+ Qxe8 29. h3 Qd7 30. Bg3 Kf8 31. Bd6+ Ke8 32. Qxd5 Kd8 33. Qe5 f6
34. Qe6 1-0

[Event "N4 Lafrancheville / Blagny"]
[Site "?"]
[Date "2015.12.06"]
[Round "3.7"]
[White "Wille, Fréderic"]
[Black "Fourcart, Marc"]
[Result "0-1"]
[WhiteElo "1577"]
[BlackElo "1683"]
[PlyCount "46"]
[EventDate "2015.12.06"]
[SourceDate "2015.12.06"]

1. Nf3 Nf6 2. d4 g6 3. Nc3 d5 4. Bf4 Bg7 5. e3 O-O 6. Be2 a6 7. Ne5 Nbd7 8. h4
h5 9. Bf3 c6 10. Qe2 Qa5 11. O-O-O Nxe5 12. Bxe5 b5 13. Rdg1 b4 14. Nb1 Qxa2
15. Bxf6 Bxf6 16. g4 hxg4 17. Bxg4 c5 18. h5 g5 19. Bxc8 Raxc8 20. f4 cxd4 21.
fxg5 Be5 22. g6 f6 23. exd4 Bf4+ 0-1

[Event "N4 Lafrancheville / Blagny"]
[Site "?"]
[Date "2015.12.06"]
[Round "3.8"]
[White "Romain, Adeline"]
[Black "Bryl, Laura"]
[Result "1-0"]
[WhiteElo "1568"]
[BlackElo "1199"]
[PlyCount "65"]
[EventDate "2015.12.06"]
[SourceDate "2015.12.06"]

1. d4 d5 2. Nf3 Nc6 3. e3 e6 4. Bd3 Nf6 5. O-O Bd6 6. Nbd2 O-O 7. b3 Qe7 8. c4
Nb4 9. Be2 e5 10. c5 e4 11. cxd6 cxd6 12. Ne1 Bf5 13. Ba3 Nc6 14. Nc2 Rfe8 15.
Re1 Qd7 16. Nf1 Bg4 17. Bxg4 Nxg4 18. h3 Nf6 19. Ng3 Ne7 20. Nh5 Qf5 21. Nxf6+
Qxf6 22. Qg4 Rac8 23. Rac1 Ng6 24. Nb4 Rcd8 25. Nxd5 Qh4 26. Qxh4 Nxh4 27. Nf4
d5 28. Rc5 g5 29. Nxd5 b6 30. Nf6+ Kh8 31. Rc7 Re6 32. Rxf7 h6 33. Rh7# 1-0

[Event "N4 E.aubois Rethel"]
[Site "?"]
[Date "2015.12.06"]
[Round "3"]
[White "Gallant, Aurelien"]
[Black "Vedonoto, Nicolas"]
[Result "1/2-1/2"]
[WhiteElo "2099"]
[BlackElo "2096"]
[PlyCount "109"]
[EventDate "2013.01.13"]
[SourceDate "2015.12.06"]

1. e4 Nc6 2. d4 e5 3. Nf3 exd4 4. Nxd4 Nf6 5. Nxc6 bxc6 6. e5 Qe7 7. Qe2 Nd5 8.
c4 Ba6 9. g3 g6 10. b3 Bg7 11. Bb2 O-O 12. Bg2 Rae8 13. O-O Nb6 14. Re1 f6 15.
e6 f5 16. Nc3 Qxe6 17. Qxe6+ Rxe6 18. Rxe6 dxe6 19. Bxc6 Rd8 20. Rd1 Rxd1+ 21.
Nxd1 Bxb2 22. Nxb2 Kf7 23. Nd3 Ke7 24. Nb4 Bc8 25. Bg2 Kd6 26. Nd3 c5 27. b4
Na4 28. a3 e5 29. f4 e4 30. Ne5 Be6 31. Bf1 Nb6 32. b5 Nd7 33. Nxd7 Kxd7 34. a4
a5 35. Kf2 Kd6 36. Ke3 h5 37. Kf2 Bc8 38. Be2 Ke6 39. Kg2 Kf6 40. Kh3 Bb7 41.
Kh4 Bc8 42. h3 Bb7 43. g4 hxg4 44. hxg4 Bc8 45. gxf5 gxf5 46. Kh5 Bb7 47. Kh6
Ba8 48. Kh7 e3 49. Kh6 Be4 50. Kh5 Ke6 51. Kg5 Kd6 52. Kh4 Bc2 53. Kg3 Bxa4 54.
Kf3 Bb3 55. Kxe3 1/2-1/2

[Event "N4 E.aubois Rethel"]
[Site "?"]
[Date "2015.12.06"]
[Round "3"]
[White "Gerardin, David"]
[Black "Guillaume, Jean-Francois"]
[Result "0-1"]
[WhiteElo "1777"]
[BlackElo "1808"]
[PlyCount "96"]
[EventDate "2013.01.13"]
[SourceDate "2015.12.06"]

1. Nf3 Nc6 2. d4 d6 3. d5 Nb8 4. e4 Nf6 5. Bd3 g6 6. c4 Bg7 7. Nc3 O-O 8. O-O
c5 9. Bg5 h6 10. Bh4 a6 11. Qc2 Nh5 12. Nd2 g5 13. Bg3 Nd7 14. Ne2 Ne5 15. Bxe5
Bxe5 16. Rab1 a5 17. Nf3 Bf6 18. Ng3 Nf4 19. Ne1 Be5 20. Nf5 Bxf5 21. exf5 f6
22. g3 Nxd3 23. Qxd3 Qe8 24. Qd1 Kh7 25. Nf3 b5 26. b3 b4 27. Qd3 a4 28. Nxe5
dxe5 29. Rfd1 Ra6 30. Qe3 Qc8 31. g4 axb3 32. axb3 Qc7 33. Rd3 Qa7 34. Qh3 Rg8
35. Qh5 Qa8 36. Qf7+ Rg7 37. Qh5 Qf8 38. Kg2 Rg8 39. Rh1 Qg7 40. Qh3 Rd8 41.
Qe3 Ra5 42. Qe4 Rda8 43. h4 Ra1 44. Rh2 Rc1 45. Qe3 Raa1 46. h5 Rg1+ 47. Kf3
Rae1 48. d6 exd6 0-1